Monopoly Board (British) - Sudden Death - Statistics

General Stats
  • This quiz has been taken 2,183 times
  • The average score is 17 of 36
Answers on the Grid
Answers color-coded by a green-red scale on the quiz's grid according to % correct below.
Abbey Road
Baker Street
Bond Street
Bow Street
Brick Lane
Carnaby Street
Chance
Community Chest
Coventry Street
Downing Street
Electric Company
Euston Road
Fenchurch St. Station
Fleet Street
Free Parking
Gas Company
Go
Go to Jail
In Jail (Just Visiting)
Income Tax
Kings Cross Station
Leicester Square
Liverpool St. Station
London Bridge Station
Marlborough Street
Marylebone Station
Mayfair
Northumberland Avenue
Old Kent Road
Oxford Street
Paddington Station
Pall Mall
Park Lane
Pentonville Road
Phone Company
Piccadilly
Portobello Road
Regent Street
Released on Parole
Shaftesbury Avenue
Stop
Strand
Super Tax
The Angel, Islington
Trafalgar Square
Vine Street
Water Works
Waterloo Station
Whitechapel Road
Whitehall
 
Answer Stats
Answer % Correct
Bond Street
69%
Chance
67%
Go
65%
Community Chest
64%
Free Parking
63%
Go to Jail
63%
Electric Company
61%
Bow Street
59%
Fenchurch St. Station
55%
Fleet Street
52%
In Jail (Just Visiting)
52%
Kings Cross Station
52%
Euston Road
50%
Mayfair
49%
Coventry Street
48%
Park Lane
48%
Old Kent Road
46%
Liverpool St. Station
45%
Leicester Square
44%
Oxford Street
44%
Pall Mall
44%
Piccadilly
43%
Income Tax
42%
Marylebone Station
41%
Trafalgar Square
40%
Water Works
40%
Marlborough Street
38%
Regent Street
38%
The Angel, Islington
38%
Vine Street
38%
Whitechapel Road
38%
Strand
37%
Northumberland Avenue
36%
Pentonville Road
35%
Super Tax
29%
Whitehall
28%
No matching quizzes found
Score Distribution
Percent of People with Each Score
Percentile by Number Answered
Your Score History
You have not taken this quiz